Aspectos sociales sobre los valles de Talamanca y Sixaola

Guardat en:
Dades bibliogràfiques
Autor principal: Carvajal Alvarado, Luis Guillermo
Format: Text
Publicat: Heredia: Universidad Nacional
Etiquetes: Afegir etiqueta
Sense etiquetes, Sigues el primer a etiquetar aquest registre!

MARC

LEADER 00000 a a2200000 04500
001 21229
003
040
090 |a 092600  
100 |a Carvajal Alvarado, Luis Guillermo  
245 |a Aspectos sociales sobre los valles de Talamanca y Sixaola  
260 |a Heredia:   |b Universidad Nacional  
300 |a 31 p.  
999 |c 2614  |d 2614